000
00296nam a2200121Ia 4500
008
190216s9999||||xx |||||||||||||| ||und||
100
_a
Bipan Chandra
245
0
_a
India After Independence 1947-2000
260
_b
Penguin Books
_c
1999
300
_a
537p
650
_a
Indian History
942
_c
BK
999
_c
20747
_d
20747